<?xml version="1.0" encoding="UTF-8"?>
<record
    xmlns:xsi="http://www.w3.org/2001/XMLSchema-instance"
    xsi:schemaLocation="http://www.loc.gov/MARC21/slim http://www.loc.gov/standards/marcxml/schema/MARC21slim.xsd"
    xmlns="http://www.loc.gov/MARC21/slim">

  <leader>02734nam a2200325 a 4500</leader>
  <controlfield tag="003">OSt</controlfield>
  <controlfield tag="005">20250815110712.0</controlfield>
  <controlfield tag="007">cr ||||||a|c|a</controlfield>
  <controlfield tag="008">250225s2024    mx a|||fom||| 001 0 spa d</controlfield>
  <datafield tag="040" ind1=" " ind2=" ">
    <subfield code="e">rda</subfield>
  </datafield>
  <datafield tag="100" ind1="1" ind2=" ">
    <subfield code="a">M&#xE9;ndez Paz, Erik Osvaldo</subfield>
    <subfield code="9">190163</subfield>
  </datafield>
  <datafield tag="245" ind1="1" ind2="0">
    <subfield code="a">Resistencia de aceitilla (Biden odorata) a herbicidas aux&#xED;nicos y sulfonilureas en Mu&#xF1;oz, de Domingo Arenas, Tlaxcala /</subfield>
    <subfield code="c">por Erik Osvaldo M&#xE9;ndez Paz; director de tesis J. Antonio Tafoya Razo; secretario Domingo Montalvo Hern&#xE1;ndez; vocal Rom&#xE1;n S&#xE1;nchez Carrillo; suplente Rosa Martha Carrillo Mej&#xED;a; suplente Artemio Rosas Meza.</subfield>
  </datafield>
  <datafield tag="264" ind1=" " ind2="1">
    <subfield code="a">Chapingo, M&#xE9;xico :</subfield>
    <subfield code="b">El autor,</subfield>
    <subfield code="c">2024.</subfield>
  </datafield>
  <datafield tag="300" ind1=" " ind2=" ">
    <subfield code="a">1 recurso en l&#xED;nea (48 p&#xE1;ginas);</subfield>
    <subfield code="b">tablas, figuras.</subfield>
  </datafield>
  <datafield tag="336" ind1=" " ind2=" ">
    <subfield code="2">rdacontent</subfield>
    <subfield code="a">texto</subfield>
    <subfield code="b">txt</subfield>
  </datafield>
  <datafield tag="337" ind1=" " ind2=" ">
    <subfield code="2">rdamedia</subfield>
    <subfield code="a">computadora</subfield>
    <subfield code="b">c</subfield>
  </datafield>
  <datafield tag="338" ind1=" " ind2=" ">
    <subfield code="2">rdacarrier</subfield>
    <subfield code="a">recurso en l&#xED;nea</subfield>
    <subfield code="b">cr</subfield>
  </datafield>
  <datafield tag="502" ind1=" " ind2=" ">
    <subfield code="b">AHP</subfield>
    <subfield code="c">Fitotecnia</subfield>
    <subfield code="d">2024.</subfield>
    <subfield code="g">LIC</subfield>
  </datafield>
  <datafield tag="504" ind1=" " ind2=" ">
    <subfield code="a">Incluye referencias bibliogr&#xE1;ficas: p&#xE1;ginas 44-48.</subfield>
  </datafield>
  <datafield tag="520" ind1=" " ind2=" ">
    <subfield code="a">La &#x201C;aceitilla&#x201D; (Bidens odorata) es una de las malezas m&#xE1;s comunes de las tierras altas y medianas de M&#xE9;xico, ha sido reportada en diferentes partes del mundo como en Florida, Sudam&#xE9;rica y Ocean&#xED;a, por lo que el presente trabajo se realiz&#xF3; con la finalidad de determinar la resistencia de esta maleza proveniente de la regi&#xF3;n de Mu&#xF1;oz de Domingo Arenas, Tlaxcala, a los herbicidas Prosulfuron y 2,4-D con un biotipo de una poblaci&#xF3;n con susceptibilidad comprobada. Se utiliz&#xF3; un dise&#xF1;o experimental completamente al azar con 8 tratamientos para ambos bioensayos. Los tratamientos utilizados fueron: Prosulfuron y 2,4-D a diferentes dosis para cada uno de los experimentos. Para el herbicida Prosulfuron las dosis fueron: 0, 1.075, 2.15, 4.3, 8.55, 17.1, 34.2, 68.4 g de i.a./ha. Mientras que para el herbicida 2,4-D las dosis fueron: 0, 29.94, 59.88, 119.75, 239, 479, 958, 1916 g de i.a./ha. Los resultados muestran que existe resistencia en Bidens odorata a ambos herbicidas considerando como resistente el IR igual o mayor a 1.5, dado que para Prosulfuron arrojo un &#xED;ndice de Resistencia de 2.13 y para 2,4-D se obtuvo un &#xED;ndice de Resistencia de 1.5.</subfield>
  </datafield>
  <datafield tag="650" ind1=" " ind2="4">
    <subfield code="a">Malas hierbas</subfield>
    <subfield code="x">Resistencia a herbicidas</subfield>
    <subfield code="9">70035</subfield>
  </datafield>
  <datafield tag="650" ind1=" " ind2="4">
    <subfield code="a">Herbicidas</subfield>
    <subfield code="x">An&#xE1;lisis</subfield>
    <subfield code="9">132171</subfield>
  </datafield>
  <datafield tag="700" ind1="0" ind2=" ">
    <subfield code="a">Tafoya Razo, Jos&#xE9; Antonio</subfield>
    <subfield code="e">Director de tesis.</subfield>
    <subfield code="9">111341</subfield>
  </datafield>
  <datafield tag="700" ind1="1" ind2=" ">
    <subfield code="a">Montalvo Hern&#xE1;ndez, Domingo</subfield>
    <subfield code="9">77714</subfield>
    <subfield code="e">Secretario.</subfield>
  </datafield>
  <datafield tag="700" ind1="1" ind2=" ">
    <subfield code="a">S&#xE1;nchez Carrillo, Rom&#xE1;n</subfield>
    <subfield code="9">107405</subfield>
    <subfield code="e">Vocal.</subfield>
  </datafield>
  <datafield tag="700" ind1="1" ind2=" ">
    <subfield code="a">Carrillo Mej&#xED;a, Rosa Martha</subfield>
    <subfield code="9">19512</subfield>
    <subfield code="e">Suplente.</subfield>
  </datafield>
  <datafield tag="700" ind1="1" ind2=" ">
    <subfield code="a">Rosas Meza, Artemio</subfield>
    <subfield code="9">100031</subfield>
    <subfield code="e">Suplente</subfield>
  </datafield>
  <datafield tag="856" ind1=" " ind2=" ">
    <subfield code="u">http://10.13.5.2/tesis/tl/1611561-7_MENDEZ_PAZ_ERIKOSVALDO.pdf</subfield>
    <subfield code="z">DESCARGAR PDF</subfield>
  </datafield>
  <datafield tag="942" ind1=" " ind2=" ">
    <subfield code="2">Clasificaci&#xF3;n Universidad Aut&#xF3;noma Chapingo</subfield>
    <subfield code="c">TD</subfield>
  </datafield>
  <datafield tag="999" ind1=" " ind2=" ">
    <subfield code="c">220485</subfield>
    <subfield code="d">220485</subfield>
  </datafield>
  <datafield tag="952" ind1=" " ind2=" ">
    <subfield code="0">0</subfield>
    <subfield code="1">0</subfield>
    <subfield code="2">local</subfield>
    <subfield code="4">0</subfield>
    <subfield code="5">1</subfield>
    <subfield code="7">0</subfield>
    <subfield code="8">TesDigL</subfield>
    <subfield code="a">BD</subfield>
    <subfield code="b">BD</subfield>
    <subfield code="c">E_L</subfield>
    <subfield code="d">2025-02-25</subfield>
    <subfield code="l">0</subfield>
    <subfield code="o">Tesis digital</subfield>
    <subfield code="r">2025-02-25 08:08:09</subfield>
    <subfield code="w">2025-02-25</subfield>
    <subfield code="y">TD</subfield>
  </datafield>
</record>
